[Event "ICS rated blitz match"]
[Site "204.178.125.65"]
[Date "2001.01.30"]
[Round "?"]
[White "ChesterX"]
[Black "Hossa"]
[Result "1/2-1/2"]
[WhiteElo "2621"]
[BlackElo "2649"]
[PlyCount "270"]
[EventDate "2001.??.??"]

1. Nf3 d5 2. d4 Nf6 3. c4 e6 4. Nc3 Bb4 5. Bg5 h6 6. Bxf6 Qxf6 7. e3 c5 8. cxd5
exd5 9. Qb3 Bxc3+ 10. Qxc3 c4 11. b3 b5 12. a4 bxa4 13. bxc4 dxc4 14. Bxc4 Nd7
15. Bb5 O-O 16. Bxa4 Qd6 17. Bc6 Qc7 18. d5 Bb7 19. Nd4 Bxc6 20. Qxc6 Rfc8 21.
Qxc7 Rxc7 22. O-O Nf6 23. d6 Rd7 24. Ra6 Ne4 25. Nf5 g6 26. f3 gxf5 27. fxe4
fxe4 28. Kf2 Rc8 29. Rd1 Kg7 30. Kg3 Rc3 31. Rd4 Rxe3+ 32. Kf4 Re2 33. g3 e3
34. Rd3 Rxh2 35. Rxe3 Rd2 36. Ke5 h5 37. Rb3 Kg6 38. Rb8 Re2+ 39. Kd4 Kg5 40.
Rc6 Rg2 41. Re8 Rd2+ 42. Kc5 f6 43. Re3 f5 44. Re8 Kg4 45. Rg8+ Kf3 46. Ra6 Rd3
47. Rg6 f4 48. Kc6 Rh7 49. gxf4 Kxf4 50. Ra1 Kf5 51. Rg8 h4 52. Rf1+ Ke4 53.
Re1+ Kf3 54. Rf8+ Kg2 55. Rg8+ Kf2 56. Re7 Rh6 57. Rf8+ Kg2 58. Rg8+ Kh2 59.
Rd8 a5 60. Kc5 Rh5+ 61. Kc6 Rc3+ 62. Kb6 Rg3 63. d7 Rg6+ 64. Ka7 Rhh6 65. Re2+
Kh3 66. Rc8 Ra6+ 67. Kb7 Rab6+ 68. Kc7 Rbc6+ 69. Kd8 Ra6 70. Re7 Kg4 71. Rc4+
Kf3 72. Kc7 Ra7+ 73. Kb8 Rxd7 74. Rxd7 h3 75. Rf7+ Ke3 76. Re7+ Kd3 77. Rc1 h2
78. Rd1+ Kc2 79. Rh1 a4 80. Re3 Kb2 81. Re2+ Kb3 82. Re5 Rh8+ 83. Kc7 a3 84.
Rb5+ Ka4 85. Rbb1 a2 86. Ra1 Kb3 87. Kb6 Rh5 88. Kc6 Kb2 89. Rae1 Rh3 90. Kd5
Kb3 91. Ke4 Ka3 92. Ra1 Rh4+ 93. Kf3 Rh3+ 94. Kg4 Rh6 95. Kf4 Kb3 96. Rae1 Kb2
97. Ke5 Ka3 98. Rd1 Rh3 99. Ke4 Rh4+ 100. Ke3 Rh8 101. Kf3 Kb3 102. Rde1 Kb2
103. Kg3 Rh7 104. Kg2 Rh6 105. Re2+ Ka3 106. Kf3 Kb3 107. Ree1 Kb2 108. Ra1 Rh5
109. Kf4 Rh4+ 110. Ke5 Ra4 111. Kd5 Ra5+ 112. Kd4 Ra4+ 113. Ke5 Rh4 114. Raf1
Rh3 115. Kf4 Rh5 116. Kg3 Rh6 117. Rd1 Rh5 118. Rd2+ Kb3 119. Rd3+ Kb4 120.
Rdd1 Kb3 121. Kf4 Rh7 122. Rde1 Rf7+ 123. Kg4 Rf2 124. Kg3 Rd2 125. Ref1 Kb2
126. Kh3 Re2 127. Rd1 Kc2 128. Kg3 Kb2 129. Ra1 Rd2 130. Raf1 Kb3 131. Kh3 Kb2
132. Re1 Rf2 133. Rd1 Re2 134. Kg3 Kc2 135. Kf4 Kb2 {
Game drawn by the 50 move rule} 1/2-1/2

[Event "ICS Rated standard match"]
[Site "204.178.125.65"]
[Date "2001.01.30"]
[Round "?"]
[White "Hossa"]
[Black "diep"]
[Result "1-0"]
[WhiteElo "2334"]
[BlackElo "2492"]
[PlyCount "275"]
[EventDate "2001.??.??"]

1. e4 c5 2. Nf3 e6 3. d4 cxd4 4. Nxd4 Nc6 5. Nc3 Qc7 6. g3 a6 7. f4 Qb6 8. Nb3
d6 9. Qe2 Nf6 10. g4 h6 11. Be3 Qc7 12. Bg2 Be7 13. O-O-O Rb8 14. Bf3 Bd7 15.
h4 h5 16. g5 Ng4 17. Bxg4 hxg4 18. Qxg4 Rc8 19. h5 Nb4 20. Qe2 Bf8 21. Qf2 b5
22. Bb6 Qb7 23. f5 Be7 24. f6 gxf6 25. Na5 Qa8 26. gxf6 Bf8 27. Qd4 Nc6 28.
Nxc6 Qxc6 29. Ba5 e5 30. Qg1 Be6 31. Kb1 Kd7 32. h6 Rh7 33. Qa7+ Ke8 34. Rdg1
Ra8 35. Qe3 Rb8 36. Rd1 Bg4 37. Rd2 Be6 38. Qg5 b4 39. Nd5 Bxd5 40. exd5 Qc4
41. b3 Qe4 42. Rdh2 Rb5 43. Rh4 Qg6 44. Rc4 Rxa5 45. Rc8+ Kd7 46. Qxg6 fxg6 47.
Rxf8 Rxd5 48. Rf1 Rxh6 49. f7 Rd1+ 50. Rxd1 Ke7 51. Rb8 Kxf7 52. Rxd6 Rh1+ 53.
Kb2 Kg7 54. Rxb4 a5 55. Ra4 e4 56. Rxa5 e3 57. Re6 Rh3 58. a3 Kf7 59. Rae5 Rh2
60. Rxe3 g5 61. Re2 Rh1 62. c3 g4 63. R6e4 Rg1 64. Re1 Rg2+ 65. R4e2 Rg3 66.
Rf2+ Kg6 67. Re8 Kg7 68. Ref8 Rg1 69. Rf1 Rg3 70. Kc2 Re3 71. Kd2 Rh3 72. R1f6
Rh2+ 73. Rf2 Rh3 74. R2f7+ Kg6 75. Rf6+ Kg7 76. R8f7+ Kg8 77. Rc7 Rh2+ 78. Kd3
Rh1 79. Rg6+ Kf8 80. Rxg4 Rd1+ 81. Kc4 Rd8 82. Rf4+ Kg8 83. Rf1 Rd6 84. Kc5 Rd3
85. Kb4 Re3 86. Rg1+ Kh8 87. Rc8+ Kh7 88. Rc4 Rh3 89. Rcg4 Rh5 90. Rg7+ Kh8 91.
Rg8+ Kh7 92. R1g7+ Kh6 93. Rg2 Kh7 94. R8g7+ Kh8 95. R7g5 Rh4+ 96. Kc5 Kh7 97.
Rg7+ Kh8 98. Rg8+ Kh7 99. R2g7+ Kh6 100. Rg4 Rh5+ 101. Kc4 Kh7 102. R8g7+ Kh8
103. R7g5 Rh1 104. Rg1 Rh4+ 105. R5g4 Rh3 106. R4g3 Rh2 107. R1g2 Rh1 108. Rg8+
Kh7 109. R2g7+ Kh6 110. Rg6+ Kh7 111. R8g7+ Kh8 112. Rg3 Rh4+ 113. R7g4 Rh2
114. Rg8+ Kh7 115. R3g7+ Kh6 116. Rg6+ Kh7 117. R8g7+ Kh8 118. Rg2 Rh1 119. Kb5
Rh4 120. Rg8+ Kh7 121. R2g7+ Kh6 122. Rg1 Kh7 123. R8g7+ Kh8 124. R1g4 Rh3 125.
Rg3 Rh4 126. Rg8+ Kh7 127. R8g5 Kh6 128. R5g4 Rh5+ 129. Kc6 Rf5 130. b4 Rh5
131. b5 Kh7 132. b6 Rh6+ 133. Kc5 Rh5+ 134. Kc4 Rh2 135. b7 Kh6 136. b8=R Kh7
137. Rg7+ Kh6 138. Rh8# {diep checkmated} 1-0

[Event "ICS rated standard match"]
[Site "204.178.125.65"]
[Date "2001.01.30"]
[Round "?"]
[White "diep"]
[Black "Hossa"]
[Result "1-0"]
[WhiteElo "2469"]
[BlackElo "2357"]
[PlyCount "131"]
[EventDate "2001.??.??"]

1. e4 e5 2. Nf3 Nf6 3. Nxe5 d6 4. Nf3 Nxe4 5. d4 d5 6. Bd3 Bd6 7. O-O O-O 8. c4
c6 9. cxd5 cxd5 10. Nc3 Nxc3 11. bxc3 Nc6 12. Qc2 h6 13. Re1 Bg4 14. Ne5 Re8
15. h3 Bh5 16. Bf4 Nxe5 17. dxe5 Bc5 18. g4 Bg6 19. Bxg6 fxg6 20. Bxh6 Bxf2+
21. Kxf2 Qh4+ 22. Kg2 Qxh6 23. Rad1 Rac8 24. Rxd5 Rf8 25. Rd4 Qh4 26. Re3 b5
27. Rd2 Qg5 28. Qe4 Rf7 29. e6 Rf4 30. Qe5 Rf5 31. Qg3 Rff8 32. e7 Rfe8 33.
Rde2 Qd5+ 34. Qf3 Qxf3+ 35. Kxf3 Rc7 36. Kf4 Kf7 37. Kg5 Rc5+ 38. Re5 Rxc3 39.
Rxb5 Rc7 40. Rbe5 a6 41. Re6 a5 42. R6e5 a4 43. a3 Rc6 44. R2e4 Rf6 45. Rxa4
Rxe7 46. Rxe7+ Kxe7 47. Re4+ Kd6 48. Rf4 Re6 49. Rf7 Re3 50. h4 Rxa3 51. Kxg6
Ke6 52. g5 Ra5 53. Kxg7 Rc5 54. g6 Rh5 55. Kg8 Rb5 56. g7 Ke5 57. Kh7 Ke4 58.
g8=Q Rh5+ 59. Kg6 Re5 60. Rd7 Rc5 61. Qa8+ Ke3 62. Qa3+ Ke2 63. Qxc5 Kf3 64.
Qc3+ Ke4 65. Rd4+ Ke5 66. Qe3# {Hossa checkmated} 1-0

[Event "ICS rated standard match"]
[Site "204.178.125.65"]
[Date "2001.01.30"]
[Round "?"]
[White "Hossa"]
[Black "diep"]
[Result "1-0"]
[WhiteElo "2346"]
[BlackElo "2480"]
[PlyCount "109"]
[EventDate "2001.??.??"]

1. d4 Nf6 2. c4 e6 3. Nc3 Bb4 4. e3 d5 5. Nf3 O-O 6. a3 Bxc3+ 7. bxc3 c5 8. Bb2
Nc6 9. dxc5 dxc4 10. Bxc4 Qa5 11. O-O Qxc5 12. Bd3 b6 13. c4 e5 14. Qc2 Bb7 15.
Ng5 h6 16. Nh7 Nxh7 17. Bxh7+ Kh8 18. Bd3 Na5 19. Rfd1 Rad8 20. a4 Qc6 21. Bf1
Qe6 22. Ba3 Rxd1 23. Rxd1 Rc8 24. Rd6 Qg4 25. h3 Qg5 26. Rd7 f5 27. c5 Qf6 28.
Qd2 Qc6 29. Qd6 bxc5 30. Qe7 Rg8 31. Bb2 Qg6 32. Qxc5 Qe6 33. Qc7 Nc6 34. Qxb7
Rb8 35. Qc7 Qg8 36. Bxe5 Nxe5 37. Qxe5 Rc8 38. Rxa7 Qf8 39. Ra5 Rd8 40. Qxf5
Qa3 41. Ra7 Qa1 42. a5 Rg8 43. a6 Re8 44. Rc7 Qf6 45. Bd3 Qxf5 46. Bxf5 Rf8 47.
Rc8 Rxc8 48. Bxc8 g6 49. a7 Kg7 50. a8=Q g5 51. Qa7+ Kg6 52. Qe7 h5 53. e4 h4
54. Bf5+ Kh5 55. Qh7# {diep checkmated} 1-0

[Event "ICS rated standard match"]
[Site "204.178.125.65"]
[Date "2001.01.30"]
[Round "?"]
[White "diep"]
[Black "Hossa"]
[Result "1-0"]
[WhiteElo "2458"]
[BlackElo "2368"]
[PlyCount "141"]
[EventDate "2001.??.??"]

1. e4 e6 2. d4 d5 3. Nc3 Nf6 4. Bg5 dxe4 5. Nxe4 Be7 6. Bxf6 gxf6 7. Nf3 f5 8.
Ng3 Qd6 9. c3 c5 10. dxc5 Qxc5 11. Qd2 Nd7 12. Rd1 Nf6 13. Be2 Bd7 14. O-O
O-O-O 15. Qd4 Qxd4 16. Rxd4 Rhg8 17. Ne5 Be8 18. Re1 Kb8 19. Red1 Rxd4 20. Rxd4
Bc5 21. Rd8+ Kc7 22. Ra8 b5 23. Nd3 Bb6 24. Nh5 Nxh5 25. Bxh5 Kd6 26. g3 e5 27.
Kf1 e4 28. Nb4 h6 29. a3 Kc5 30. Be2 f4 31. gxf4 Kd6 32. Bh5 Rf8 33. Nd5 Kxd5
34. Rxe8 Rxe8 35. Bxf7+ Kd6 36. Bxe8 e3 37. Bxb5 exf2 38. Ke2 Kd5 39. Kf3 Kd6
40. b4 Ke6 41. a4 Bc7 42. Bc4+ Ke7 43. Bd3 Bb6 44. a5 Bc7 45. c4 Kd7 46. h3 h5
47. c5 Kc6 48. f5 Be5 49. Kxf2 Kd5 50. Kf3 Bc3 51. Bc4+ Ke5 52. c6 Kd6 53. b5
Bxa5 54. f6 Bd8 55. f7 Ke7 56. Kf4 h4 57. Kg5 Bc7 58. Kg6 Bd6 59. Kg7 Kd8 60.
f8=Q+ Bxf8+ 61. Kxf8 Kc7 62. Ke7 Kb6 63. Kd6 Ka5 64. c7 Kb4 65. c8=Q Kc3 66.
Qc5 Kc2 67. Qd4 a5 68. bxa6 Kc1 69. Qc3+ Kd1 70. Qb2 Ke1 71. Qe2# {
Hossa checkmated} 1-0

[Event "ICS rated blitz match"]
[Site "204.178.125.65"]
[Date "2001.01.30"]
[Round "?"]
[White "nyul"]
[Black "Hossa"]
[Result "0-1"]
[WhiteElo "2186"]
[BlackElo "2648"]
[PlyCount "46"]
[EventDate "2001.??.??"]

1. e4 c5 2. c4 Nc6 3. d3 g6 4. Nc3 Bg7 5. Nf3 d6 6. h3 f5 7. Be3 e6 8. Be2 Nf6
9. Qd2 O-O 10. O-O e5 11. Bh6 Nd4 12. Bd1 fxe4 13. dxe4 Be6 14. Bxg7 Kxg7 15.
b3 Bd7 16. Re1 Qe7 17. Nd5 Nxf3+ 18. Bxf3 Nxd5 19. Qxd5 Bxh3 20. Rad1 Rxf3 21.
gxh3 Qg5+ 22. Kf1 Raf8 23. Re2 Rxh3 {nyul resigns} 0-1

[Event "ICS rated blitz match"]
[Site "204.178.125.65"]
[Date "2001.01.30"]
[Round "?"]
[White "Hossa"]
[Black "nyul"]
[Result "1-0"]
[WhiteElo "2650"]
[BlackElo "2184"]
[PlyCount "75"]
[EventDate "2001.??.??"]

1. e4 e5 2. Nf3 Nc6 3. Bb5 a6 4. Ba4 Nf6 5. O-O Be7 6. Re1 b5 7. Bb3 O-O 8. c3
d5 9. exd5 e4 10. dxc6 exf3 11. Qxf3 Bg4 12. Qe3 Re8 13. d4 Bd6 14. Qd2 Bf4 15.
Re3 Bxe3 16. fxe3 Ne4 17. Qe1 Qf6 18. d5 Rad8 19. c4 Nd6 20. cxb5 axb5 21. a4
Ra8 22. a5 Nc4 23. Bxc4 bxc4 24. Nc3 Bf5 25. Qf1 Bd3 26. Qxf6 gxf6 27. a6 Be4
28. Nxe4 Rxe4 29. a7 Re5 30. Ra5 Kf8 31. Bd2 Ke8 32. Rb5 Kf8 33. Rb8+ Re8 34.
Bb4+ Kg7 35. Rxe8 Rxe8 36. d6 cxd6 37. Bxd6 Ra8 38. Bb8 {nyul resigns} 1-0

[Event "ICS rated blitz match"]
[Site "204.178.125.65"]
[Date "2001.01.30"]
[Round "?"]
[White "nyul"]
[Black "Hossa"]
[Result "1/2-1/2"]
[WhiteElo "2182"]
[BlackElo "2652"]
[PlyCount "110"]
[EventDate "2001.??.??"]

1. e4 c5 2. c4 Nc6 3. d3 g6 4. Nc3 Bg7 5. Nf3 d6 6. Be2 Nf6 7. h3 O-O 8. Be3
Nd7 9. Qd2 Nd4 10. Bd1 f5 11. Bh6 fxe4 12. dxe4 Nxf3+ 13. Bxf3 Bxh6 14. Qxh6
Ne5 15. Be2 Bd7 16. O-O e6 17. Rad1 Nf7 18. Qd2 Qf6 19. f4 Bc6 20. Bf3 Rac8 21.
Qe3 b6 22. e5 dxe5 23. fxe5 Qxe5 24. Qxe5 Nxe5 25. Bxc6 Nxc6 26. Rfe1 Nd4 27.
Nb5 Nxb5 28. cxb5 Rce8 29. Rd6 e5 30. Red1 e4 31. Rd7 Rf7 32. Rxf7 Kxf7 33. Kf2
Re7 34. Ke3 Kf6 35. Rd5 h5 36. h4 Kg7 37. a3 Kf6 38. b3 Re5 39. Rd6+ Kf5 40. g3
Re7 41. Rd5+ Kf6 42. Rd6+ Kg7 43. Rd5 Re8 44. Rd7+ Kf6 45. Rxa7 Ke5 46. Rg7 Re6
47. a4 Kf5 48. Rf7+ Ke5 49. Ra7 Kd5 50. Rd7+ Ke5 51. Rc7 Kd5 52. Rd7+ Ke5 53.
Rc7 Kd5 54. Rd7+ Ke5 55. Rc7 Kd5 {Game drawn by repetition} 1/2-1/2

[Event "ICS rated standard match"]
[Site "204.178.125.65"]
[Date "2001.01.30"]
[Round "?"]
[White "Hossa"]
[Black "IronMaiden"]
[Result "1-0"]
[WhiteElo "2356"]
[BlackElo "2255"]
[PlyCount "149"]
[EventDate "2001.??.??"]

1. e4 e6 2. d4 d5 3. Nd2 Nf6 4. e5 Nfd7 5. Bd3 c5 6. c3 Nc6 7. Ne2 cxd4 8. cxd4
a5 9. O-O Nb6 10. Nf3 h6 11. a3 Bd7 12. Be3 a4 13. Rc1 Na5 14. Nd2 Be7 15. Nc3
Bc6 16. Qe2 Qd7 17. Rfd1 g6 18. Rc2 Kf8 19. Rdc1 Kg7 20. h3 Rhc8 21. Bf4 Rh8
22. Qg4 Nbc4 23. Re1 Nxd2 24. Bxd2 Nc4 25. Bc1 b5 26. h4 h5 27. Qg3 Qd8 28. Bg5
Bxg5 29. hxg5 Qe7 30. Qf4 Rac8 31. Rd1 Rhd8 32. Qh4 Rh8 33. Re2 Rb8 34. Na2 Bd7
35. Nb4 Rb6 36. Bxc4 bxc4 37. Qf4 Bb5 38. Re3 Rd8 39. Rh3 Rh8 40. g4 h4 41.
Qf6+ Qxf6 42. exf6+ Kf8 43. Kg2 Ke8 44. Rdh1 Kd7 45. Rxh4 Rf8 46. Rh8 Rbb8 47.
Rxf8 Rxf8 48. f4 Kd6 49. Rh7 Bd7 50. Na6 Bc6 51. Kf3 Bb5 52. Nc5 Bc6 53. Ke3
Bb5 54. Kf2 Bc6 55. Ke2 Bb5 56. Kd1 Bc6 57. Ke1 Bb5 58. Kd2 Bc6 59. Kc3 Bb5 60.
Rh2 Bc6 61. Kd2 Rb8 62. Ke3 Rf8 63. Kf3 Rg8 64. Kf2 Rf8 65. Kg2 Rb8 66. Kg3 Rf8
67. Rh7 Bb5 68. f5 exf5 69. gxf5 gxf5 70. Nb7+ Kc6 71. Rxf7 Rxf7 72. Nd8+ Kd7
73. Nxf7 Ke6 74. Nd8+ Kd7 75. g6 {IronMaiden resigns} 1-0

[Event "ICS rated blitz match"]
[Site "204.178.125.65"]
[Date "2001.01.30"]
[Round "?"]
[White "Hossa"]
[Black "houthakker"]
[Result "1-0"]
[WhiteElo "2638"]
[BlackElo "2062"]
[PlyCount "29"]
[EventDate "2001.??.??"]

1. e4 e6 2. d4 d5 3. Nd2 dxe4 4. Nxe4 Nf6 5. Nxf6+ Qxf6 6. Nf3 Be7 7. Bg5 Qg6
8. Bd3 Qh5 9. Bxe7 Kxe7 10. Qd2 Nc6 11. Qf4 Kd8 12. Ne5 Nxe5 13. dxe5 Bd7 14.
h4 f6 15. exf6 {houthakker resigns} 1-0

[Event "ICS Rated blitz match"]
[Site "204.178.125.65"]
[Date "2001.01.30"]
[Round "?"]
[White "houthakker"]
[Black "Hossa"]
[Result "0-1"]
[WhiteElo "2061"]
[BlackElo "2639"]
[PlyCount "70"]
[EventDate "2001.??.??"]

1. d4 d5 2. c4 c6 3. Nc3 e6 4. Bf4 dxc4 5. e4 b5 6. a4 b4 7. Na2 Ba6 8. Nf3 Nf6
9. Bg5 Be7 10. Bxf6 gxf6 11. Qc1 b3 12. Nc3 c5 13. dxc5 Bxc5 14. Be2 Nd7 15.
O-O h5 16. Rd1 Qb6 17. Nb5 Bxf2+ 18. Kh1 Bxb5 19. axb5 Qxb5 20. Bxc4 Qb4 21.
Ba6 Rg8 22. Qc7 Rd8 23. Rd3 Bb6 24. Qd6 Qxd6 25. Rxd6 Ke7 26. Rad1 Nc5 27. Rxd8
Rxd8 28. Rxd8 Kxd8 29. Bc4 Nxe4 30. Bxb3 Nf2+ 31. Kg1 Nd3+ 32. Kf1 Nxb2 33. Nd2
Nd3 34. Ke2 Nc1+ 35. Kf3 Ba5 {houthakker resigns} 0-1

[Event "ICS rated blitz match"]
[Site "204.178.125.65"]
[Date "2001.01.30"]
[Round "?"]
[White "Hossa"]
[Black "krahs2"]
[Result "1-0"]
[WhiteElo "2640"]
[BlackElo "2067"]
[PlyCount "71"]
[EventDate "2001.??.??"]

1. e4 e5 2. Nf3 Nc6 3. Bb5 Bc5 4. d3 d6 5. O-O Nf6 6. d4 exd4 7. Bxc6+ bxc6 8.
Nxd4 O-O 9. Bg5 Bd7 10. Nb3 Bb6 11. Qf3 h6 12. Bxf6 Qxf6 13. Qxf6 gxf6 14. a4
a5 15. Re1 Rfe8 16. Nc3 f5 17. Re2 fxe4 18. Nxe4 Kg7 19. Ng3 Rxe2 20. Nxe2 Re8
21. Ng3 f5 22. h4 Kg6 23. Kf1 f4 24. Ne2 Re4 25. Nd2 Rb4 26. b3 f3 27. Nxf3 Bg4
28. Neg1 c5 29. Nd2 Bf5 30. c4 d5 31. Ngf3 dxc4 32. Ne5+ Kh5 33. bxc4 Rb2 34.
Ndf3 Bg4 35. Nd3 Rc2 36. Nf4# {krahs2 checkmated} 1-0

[Event "ICS rated blitz match"]
[Site "204.178.125.65"]
[Date "2001.01.30"]
[Round "?"]
[White "Hossa"]
[Black "nyul"]
[Result "1-0"]
[WhiteElo "2641"]
[BlackElo "2196"]
[PlyCount "55"]
[EventDate "2001.??.??"]

1. e4 e5 2. Bc4 Nf6 3. d4 Nxe4 4. dxe5 Nc5 5. Nf3 Be7 6. Nc3 O-O 7. O-O d6 8.
exd6 Bxd6 9. Bg5 Be7 10. Qxd8 Bxd8 11. Rfd1 Bxg5 12. Nxg5 Ne6 13. Nxe6 Bxe6 14.
Bd5 c6 15. Bxe6 fxe6 16. Rd6 e5 17. Re1 Re8 18. f4 Na6 19. fxe5 Re7 20. Rd3
Rae8 21. Rde3 Nc5 22. Rf1 Rf7 23. Rxf7 Kxf7 24. b3 Ke6 25. Ne2 Rd8 26. Kf2 Rd2
27. b4 Nd7 28. Ke1 {nyul resigns} 1-0

[Event "ICS rated blitz match"]
[Site "204.178.125.65"]
[Date "2001.01.30"]
[Round "?"]
[White "nyul"]
[Black "Hossa"]
[Result "0-1"]
[WhiteElo "2194"]
[BlackElo "2643"]
[PlyCount "52"]
[EventDate "2001.??.??"]

1. e4 e6 2. d4 d6 3. Nf3 d5 4. exd5 exd5 5. Bd3 Nf6 6. O-O Be7 7. c3 O-O 8. Bf4
Re8 9. Nbd2 Bd6 10. Bxd6 Qxd6 11. Qc2 Be6 12. Rae1 Nc6 13. Re2 Bg4 14. Rfe1
Rxe2 15. Rxe2 Qf4 16. h3 Bh5 17. Re1 a6 18. b3 Bg6 19. Bxg6 hxg6 20. Qd3 Rd8
21. Qe3 Qf5 22. Ne5 Re8 23. Ndf3 Nxe5 24. Nxe5 Qc2 25. Re2 Qb1+ 26. Re1 Qxa2 {
nyul resigns} 0-1

[Event "ICS rated blitz match"]
[Site "204.178.125.65"]
[Date "2001.01.30"]
[Round "?"]
[White "Hossa"]
[Black "QueenMaxima"]
[Result "1-0"]
[WhiteElo "2645"]
[BlackElo "2512"]
[PlyCount "145"]
[EventDate "2001.??.??"]

1. e4 e5 2. Nf3 Nc6 3. Bb5 a6 4. Ba4 Nf6 5. O-O Bb4 6. Bxc6 dxc6 7. Nxe5 O-O 8.
d3 Re8 9. Nf3 Bg4 10. Be3 Qd7 11. a3 Bd6 12. Nbd2 Qe6 13. h3 Bh5 14. Qe2 Nd7
15. Bg5 Ne5 16. c3 Nxf3+ 17. Nxf3 Bxf3 18. Qxf3 Qe5 19. Qg3 Qxg3 20. fxg3 Bxg3
21. b3 f6 22. Rf3 Be5 23. Bd2 Rad8 24. g4 Kf7 25. Kg2 Ke6 26. h4 a5 27. b4 Ra8
28. Rff1 Rad8 29. d4 h5 30. gxh5 Bxd4 31. cxd4 Rxd4 32. Bc3 Rc4 33. Rf3 Rh8 34.
bxa5 Rxe4 35. Rb1 Rg4+ 36. Kh3 Re4 37. Rxb7 Rxh5 38. Rxc7 Rhxh4+ 39. Kg2 Reg4+
40. Rg3 Rxg3+ 41. Kxg3 Re4 42. Rxc6+ Kd7 43. Rc5 Re6 44. Bd4 Rd6 45. Rc4 g6 46.
Ra4 Ra6 47. Bb6 Ke6 48. Re4+ Kf7 49. Rc4 Ra8 50. Kf4 Rh8 51. Rc7+ Ke6 52. Rc6+
Kf7 53. a6 Rh4+ 54. Kg3 Ra4 55. a7 Rxa3+ 56. Kg2 f5 57. Rc8 Ra2+ 58. Bf2 g5 59.
a8=R Rxa8 60. Rxa8 Ke6 61. Ra6+ Ke5 62. Ra5+ Kf4 63. Be3+ Kxe3 64. Rxf5 Ke4 65.
Rxg5 Ke3 66. Rg4 Ke2 67. Rg3 Kd2 68. Kf2 Kc2 69. Ke2 Kb2 70. Kd2 Ka1 71. Rb3
Ka2 72. Kc2 Ka1 73. Ra3# {QueenMaxima checkmated} 1-0

[Event "ICS rated blitz match"]
[Site "204.178.125.65"]
[Date "2001.01.30"]
[Round "?"]
[White "Hossa"]
[Black "brondel"]
[Result "1-0"]
[WhiteElo "2658"]
[BlackElo "2273"]
[PlyCount "62"]
[EventDate "2001.??.??"]

1. e4 c5 2. Nf3 d6 3. Bb5+ Nd7 4. d4 cxd4 5. Qxd4 a6 6. Be2 Ngf6 7. Be3 g6 8.
O-O Bg7 9. Nc3 O-O 10. Qd2 b5 11. Bh6 Bb7 12. Bxg7 Kxg7 13. Qd4 Qb6 14. Qb4 Bc6
15. Rfd1 a5 16. Qd4 b4 17. Nd5 Qxd4 18. Nxd4 Bxd5 19. exd5 Rfc8 20. Bb5 Nb6 21.
Bc6 Rab8 22. Nb3 a4 23. Na5 Rc7 24. Rd4 Ra7 25. Nc4 Nxc4 26. Rxc4 e6 27. dxe6
fxe6 28. Re1 e5 29. Rd1 Rd8 30. Rxb4 d5 31. Bxa4 d4 {brondel resigns} 1-0

[Event "ICS rated blitz match"]
[Site "204.178.125.65"]
[Date "2001.01.30"]
[Round "?"]
[White "PostModernist"]
[Black "Hossa"]
[Result "0-1"]
[WhiteElo "2607"]
[BlackElo "2661"]
[PlyCount "74"]
[EventDate "2001.??.??"]

1. e4 e6 2. d4 d5 3. Nc3 Bb4 4. a3 Bxc3+ 5. bxc3 dxe4 6. f3 Nf6 7. Be3 O-O 8.
fxe4 Nxe4 9. Bd3 Nxc3 10. Bxh7+ Kxh7 11. Qd3+ Kg8 12. Qxc3 Qh4+ 13. Kf1 Nc6 14.
Nf3 Qg4 15. Qd3 Rd8 16. h3 Qh5 17. Bf4 Rd7 18. g4 Qd5 19. c4 Qc5 20. Rd1 Nxd4
21. Nxd4 e5 22. Bxe5 Qxe5 23. Kg2 Rd8 24. Rhe1 Qc5 25. Qc3 b6 26. Qf3 Ba6 27.
Nc6 Rxd1 28. Rxd1 Re8 29. Nd8 Bxc4 30. Nb7 Qg5 31. Qf5 Qh6 32. Kh2 Qe3 33. Rd8
Rxd8 34. Nxd8 Qd2+ 35. Kg1 Qxd8 36. Qf4 Qd1+ 37. Kg2 Bd5+ {
PostModernist resigns} 0-1

[Event "ICS rated blitz match"]
[Site "204.178.125.65"]
[Date "2001.01.30"]
[Round "?"]
[White "Hossa"]
[Black "PostModernist"]
[Result "1-0"]
[WhiteElo "2675"]
[BlackElo "2593"]
[PlyCount "207"]
[EventDate "2001.??.??"]

1. e4 e6 2. d4 d5 3. Nc3 dxe4 4. Nxe4 c5 5. dxc5 Qxd1+ 6. Kxd1 Nf6 7. Nxf6+
gxf6 8. Be3 Nc6 9. Nf3 Bd7 10. Kc1 Nb4 11. Bc4 O-O-O 12. c3 Nc6 13. Rd1 Be7 14.
Kc2 Rhg8 15. g3 Na5 16. Bd3 h5 17. Nd2 e5 18. b4 Nc6 19. b5 Nb8 20. c6 bxc6 21.
Bxa7 cxb5 22. Bxb8 Kxb8 23. Bxb5 Bf5+ 24. Kb2 h4 25. Nf1 Bc5 26. f3 h3 27. g4
Be6 28. Ng3 Kc7 29. a4 Bd5 30. Rf1 Bb7 31. Kb3 Rd2 32. Ra2 Rxa2 33. Kxa2 Rd8
34. Ne4 Bxe4 35. fxe4 Rd2+ 36. Kb3 Rxh2 37. Rf3 Kd8 38. Kc4 Bg1 39. Rxf6 Rf2
40. Rh6 h2 41. Kd5 Rf3 42. Rh8+ Kc7 43. Rh7 Kc8 44. c4 Rf1 45. c5 Rd1+ 46. Kc6
Kb8 47. Rh8+ Ka7 48. Kc7 Bxc5 49. Rxh2 Bb6+ 50. Kc6 Rc1+ 51. Kd7 Rg1 52. Rh7
Rxg4 53. Rxf7 Rg6 54. Re7 Bd4 55. a5 Kb8 56. Rh7 Bc5 57. Rh8+ Ka7 58. Bc6 Ka6
59. Ra8+ Ba7 60. Kc7 Rg7+ 61. Bd7 Rh7 62. Kc6 Rg7 63. Kd6 Rf7 64. Be6 Rh7 65.
Bf5 Rf7 66. Bd7 Rg7 67. Bc6 Kxa5 68. Kxe5 Kb4 69. Rc8 Be3 70. Kf6 Rg4 71. e5
Rf4+ 72. Ke6 Bc5 73. Bd5 Rd4 74. Rb8+ Kc3 75. Rb1 Bb4 76. Rb3+ Kc2 77. Rf3 Kb2
78. Rg3 Kc2 79. Bc6 Rf4 80. Kd5 Kb2 81. Re3 Be7 82. e6 Rh4 83. Bb7 Rb4 84. Ba6
Rb6 85. Bc4 Rb8 86. Ke5 Rg8 87. Bd5 Rg5+ 88. Kd4 Rg4+ 89. Be4 Rg1 90. Ke5 Rg5+
91. Bf5 Rg1 92. Rd3 Re1+ 93. Be4 Rg1 94. Rd7 Rg5+ 95. Bf5 Rg7 96. Bg6 Rxg6 97.
Rxe7 Rg2 98. Re8 Re2+ 99. Kf4 Rf2+ 100. Kg3 Re2 101. e7 Re3+ 102. Kf4 Rb3 103.
Rf8 Rb4+ 104. Ke3 {PostModernist resigns} 1-0

[Event "ICS rated blitz match"]
[Site "204.178.125.65"]
[Date "2001.01.30"]
[Round "?"]
[White "krahs2"]
[Black "Hossa"]
[Result "0-1"]
[WhiteElo "2082"]
[BlackElo "2687"]
[PlyCount "54"]
[EventDate "2001.??.??"]

1. Nf3 d5 2. g3 c5 3. Bg2 Nc6 4. O-O e5 5. d3 Be7 6. Nbd2 Nf6 7. c4 d4 8. Ne4
Nxe4 9. dxe4 O-O 10. Ne1 a6 11. Nd3 b5 12. b3 bxc4 13. bxc4 Be6 14. Qc2 Rb8 15.
Bd2 Qd7 16. f4 exf4 17. gxf4 Bh3 18. f5 Bxg2 19. Kxg2 Bd6 20. Rf3 Qe7 21. Nf4
Rbe8 22. f6 Qxf6 23. Nd5 Qh4 24. Bf4 Bxf4 25. Rxf4 Qg5+ 26. Kh1 Nb4 27. Qd3
Nxd3 {krahs2 resigns} 0-1

[Event "ICS rated blitz match"]
[Site "204.178.125.65"]
[Date "2001.01.30"]
[Round "?"]
[White "Hossa"]
[Black "krahs2"]
[Result "1-0"]
[WhiteElo "2688"]
[BlackElo "2081"]
[PlyCount "37"]
[EventDate "2001.??.??"]

1. e4 e5 2. Nf3 Nc6 3. Bb5 Bc5 4. d3 Nf6 5. O-O d6 6. d4 exd4 7. Bxc6+ bxc6 8.
Nxd4 O-O 9. b4 Bb6 10. Bg5 Bd7 11. Nc3 h6 12. Bh4 Qe7 13. Qd3 Rae8 14. f3 c5
15. Nd5 Qe6 16. Nxe6 c4+ 17. Nxb6 cxd3 18. Nxd7 fxe6 19. Nxf8 {krahs2 resigns}
1-0

[Event "ICS rated blitz match"]
[Site "204.178.125.65"]
[Date "2001.01.30"]
[Round "?"]
[White "krahs2"]
[Black "Hossa"]
[Result "0-1"]
[WhiteElo "2080"]
[BlackElo "2689"]
[PlyCount "78"]
[EventDate "2001.??.??"]

1. Nf3 d5 2. g3 c5 3. Bg2 Nc6 4. O-O e5 5. d3 Be7 6. Nbd2 Nf6 7. c4 d4 8. b3
O-O 9. Ne4 Nxe4 10. dxe4 f5 11. Ne1 fxe4 12. Bxe4 Bh3 13. Ng2 Qd7 14. Bd2 Bf5
15. Qc2 Bxe4 16. Qxe4 Rf7 17. Rad1 Qh3 18. f4 Raf8 19. fxe5 Rxf1+ 20. Rxf1
Rxf1+ 21. Kxf1 Qxh2 22. Qd5+ Kf8 23. Bf4 Qh3 24. e6 g6 25. Kf2 Nd8 26. Bd6 Qxe6
27. Bxe7+ Qxe7 28. Nf4 b6 29. Qa8 Kf7 30. Nd5 Qd7 31. a4 Kg7 32. a5 bxa5 33.
Qb8 Kf7 34. Qf4+ Qf5 35. Qxf5+ gxf5 36. Kf3 Ne6 37. Kf2 Ng5 38. Nc7 Ne4+ 39.
Kg2 Nd2 {krahs2 resigns} 0-1